Music Quiz

Random Music or Kpop Quiz

Guess these 100 kpop groups Quiz Stats

 Plays Quiz not verified by Sporcle

Challenge
Share
Tweet
Score 0/100 Timer 18:00
0 Plays Today
% Correct
Bts
99.4%
Shinee
97.3%
Exo
96.1%
Exid
94.7%
Twice
94.1%
F(x)
94.1%
Got7
92.9%
Bigbang
92.9%
Seventeen
92%
Nct
90.8%
Vixx
90.8%
Red velvet
89.6%
Block b
89.6%
Blackpink
89.6%
Super junior
89%
Snsd
87.2%
KARD
86.6%
Ikon
86.4%
Winner
86.1%
Gfriend
82.5%
Monsta X
82.2%
AoA
81.6%
Highlight
79.8%
Btob
79.5%
CLC
79.2%
Tvxq
78.9%
Akmu
78%
Day6
77.4%
Mamamoo
76.9%
Apink
76.3%
Cnblue
75.7%
Astro
74.2%
Girls day
72.1%
Infinite
70.9%
% Correct
Sf9
69.7%
Pentagon
69.7%
B.a.p
69.7%
Wjsn
68%
T-ara
67.1%
Pristin
66.8%
Oh my girl
66.2%
Shinhwa
65.6%
Epik High
64.7%
15&
64.7%
Ft.island
64.4%
Nu'est
63.8%
Boyfriend
62.9%
B1A4
61.4%
Davichi
60.5%
S.E.S
59.3%
After School
57.9%
Ladies Code
57.6%
KNK
57.6%
Gugudan
57.3%
Wanna one
57%
Apink
56.4%
Crayon pop
55.2%
Dreamcatcher
52.8%
Topp dogg
51.3%
Rania
50.1%
U-Kiss
49%
Lovelyz
47.5%
DIA
47.5%
Sechskies
47.2%
Up10tion
44.8%
N.flying
44.2%
Mblaq
44.2%
Secret
42.4%
% Correct
Teen top
42.4%
Hello venus
41.8%
Cross gene
40.9%
Fiestar
40.1%
Brave girls
37.4%
Ze:a
35.6%
Victon
34.1%
Hotshot
33.8%
24k
33.5%
Stellar
30%
Laboum
30%
Momoland
27.3%
Uniq
27.3%
Imfact
26.7%
Bestie
26.7%
Dalshabet
26.7%
April
26.4%
A.C.E
25.8%
Madtown
25.5%
Nine muses
24.6%
SS301
23.7%
Snuper
22.6%
Bolbbalgan4
22.3%
Romeo
19%
Urban Zakapa
19%
VAV
17.5%
Sonamoo
16.9%
Vromance
16%
100%
15.4%
Playback
15.1%
Loona 1|3
13.4%
Tahiti
6.5%

You're not logged in!

Compare scores with friends on all Sporcle quizzes.
Join for Free
OR
Log In

You Might Also Like...

Show Comments

Extras

Created Jul 5, 2017ReportNominate
Tags:Kpop Quiz, 100, group

Top Quizzes Today


Score Distribution

Your Account Isn't Verified!

In order to create a playlist on Sporcle, you need to verify the email address you used during registration. Go to your Sporcle Settings to finish the process.

Report this User

Report this user for behavior that violates our Community Guidelines.

Details: